[Event "Muensterland Verbandsliga 1920"]
[Site "Germany"]
[Date "2020.02.22"]
[Round "7.6"]
[White "Fartmann, Franz Josef"]
[Black "Boenigk, Winfried"]
[Result "1-0"]
[WhiteElo "1796"]
[BlackElo "1760"]
[PlyCount "145"]
[EventDate "2019.09.07"]
[EventType "team-tourn"]
[EventRounds "7"]
[EventCountry "GER"]
[SourceTitle "EXT 2023"]
[Source "ChessBase"]
[SourceDate "2022.10.05"]
[SourceVersion "1"]
[SourceVersionDate "2022.10.05"]
[SourceQuality "1"]
[WhiteTeam "Beelen"]
[BlackTeam "Olfen"]
[WhiteTeamCountry "GER"]
[BlackTeamCountry "GER"]

1. Nf3 d6 2. g3 c5 3. Bg2 Nf6 4. 0-0 g6 5. d3 Bg7 6. e4 Nc6 7. Nc3 0-0 8. h3 a6 9. a4 Qc7 10. Bg5 e6 11. Qd2 Bd7 12. Bh6 Nd4 13. Bxg7 Kxg7 14. Kh2 Rac8 15. Ne2 Nxf3+ 16. Bxf3 d5 17. exd5 Nxd5 18. Nc3 Nxc3 19. Qxc3+ Kg8 20. Rfe1 Bc6 21. Bxc6 Qxc6 22. Re4 Rcd8 23. Rc4 Rd5 24. a5 Rf5 25. Qd2 Qf3 26. Kg1 Rd8 27. Raa4 Re5 28. Rf4 Qe2 29. Qxe2 Rxe2 30. Rac4 Re5 31. Rfe4 Red5 32. Rc3 c4 33. Rexc4 Rxa5 34. Rb4 b5 35. Rc7 Ra1+ 36. Kg2 Ra2 37. b3 Kg7 38. Rf4 Rf8 39. Rd4 Kf6 40. Kf3 g5 41. Ke3 Ra1 42. h4 h6 43. Rc5 Rg8 44. Rg4 Rg6 45. Ke2 Rh1 46. hxg5+ hxg5 47. Rd4 Rg8 48. Rd7 Ra1 49. Ra7 Rb8 50. Rcc7 Rf8 51. Rcb7 Rc1 52. Kd2 Rf1 53. Ke3 Re1+ 54. Kd2 Rf1 55. Ke2 Rc1 56. Rc7 Ra1 57. Rc6 Rb8 58. Raxa6 Rxa6 59. Rxa6 b4 60. Rc6 Rb7 61. Ke3 Kf5 62. Rc5+ e5 63. f3 Rb6 64. d4 f6 65. d5 g4 66. fxg4+ Kxg4 67. Rc6 Rb5 68. Ke4 Kg5 69. g4 Rb8 70. d6 Kxg4 71. d7 Rd8 72. Rd6 Kg5 73. Kd5 1-0

[Event "Muensterland Verbandsliga 1920"]
[Site "Germany"]
[Date "2019.09.07"]
[Round "1.6"]
[White "Pohl, Tim"]
[Black "Fartmann, Franz Josef"]
[Result "1-0"]
[WhiteElo "1808"]
[BlackElo "1796"]
[PlyCount "55"]
[EventDate "2019.09.07"]
[EventType "team-tourn"]
[EventRounds "7"]
[EventCountry "GER"]
[SourceTitle "EXT 2023"]
[Source "ChessBase"]
[SourceDate "2022.10.05"]
[SourceVersion "1"]
[SourceVersionDate "2022.10.05"]
[SourceQuality "1"]
[WhiteTeam "Telgte"]
[BlackTeam "Beelen"]
[WhiteTeamCountry "GER"]
[BlackTeamCountry "GER"]

1. Nf3 Nf6 2. b3 e6 3. Bb2 Be7 4. e3 c5 5. d4 cxd4 6. Nxd4 a6 7. Be2 Qc7 8. 0-0 b6 9. Nd2 Bb7 10. Bf3 Nc6 11. c4 0-0 12. Nxc6 Bxc6 13. Rc1 Rac8 14. Qe2 Rfd8 15. Rfd1 Qb7 16. Bxc6 Qxc6 17. Nf3 Qb7 18. h3 Ne8 19. e4 d6 20. e5 dxe5 21. Bxe5 Bf6 22. Rc2 Bxe5 23. Nxe5 Qc7 24. Rcd2 Rxd2 25. Rxd2 Rd8 26. Rxd8 Qxd8 27. Qf3 Qd4 28. Qxf7+ 1-0

[Event "Muensterland Verbandsliga 1819"]
[Site "Germany"]
[Date "2018.11.24"]
[Round "4.6"]
[White "Fartmann, Franz Josef"]
[Black "Pohl, Detlev"]
[Result "1-0"]
[WhiteElo "1782"]
[BlackElo "1815"]
[PlyCount "129"]
[EventDate "2018.09.01"]
[EventType "team-tourn"]
[EventRounds "9"]
[EventCountry "GER"]
[SourceTitle "EXT 2020"]
[Source "ChessBase"]
[SourceDate "2019.10.17"]
[SourceVersion "1"]
[SourceVersionDate "2019.10.17"]
[SourceQuality "1"]
[WhiteTeam "Beelen"]
[BlackTeam "Telgte"]
[WhiteTeamCountry "GER"]
[BlackTeamCountry "GER"]

1. Nf3 d6 2. g3 e5 3. d3 Be7 4. Bg2 c6 5. 0-0 Nf6 6. e4 0-0 7. Nc3 Re8 8. h3 Bf8 9. Kh2 Na6 10. Re1 Nc7 11. d4 Qe7 12. b3 Rd8 13. Ba3 Qe8 14. Qe2 b5 15. dxe5 dxe5 16. Bxf8 Kxf8 17. Qe3 Qe7 18. Rad1 Rxd1 19. Rxd1 Bb7 20. Ne1 Nd7 21. Bf1 Nb6 22. Nd3 Na6 23. Nb1 Rd8 24. Be2 f6 25. a3 Bc8 26. Nb2 Rxd1 27. Nxd1 Nc5 28. Nb2 Ne6 29. b4 Qd6 30. c4 Qd4 31. Qxd4 Nxd4 32. Bf1 Be6 33. cxb5 cxb5 34. Nc3 a6 35. a4 Bc4 36. Nxc4 Nxc4 37. axb5 axb5 38. Nxb5 Nxb5 39. Bxc4 Nd6 40. Bd3 Ke7 41. f4 g5 42. fxg5 fxg5 43. h4 gxh4 44. gxh4 Kf6 45. Kg3 Kg6 46. b5 Nc8 47. Bc4 Nb6 48. Bd5 Na4 49. Bc6 Nb6 50. Be8+ Kf6 51. Kg4 Nc4 52. Bc6 Kg6 53. Be8+ Kh6 54. Bd7 Ne3+ 55. Kf3 Nc4 56. Be6 Nb6 57. Kg4 Kg6 58. Bf5+ Kh6 59. Kf3 Nc4 60. Ke2 Kh5 61. Bxh7 Kxh4 62. Kd3 Nb6 63. Kc3 Kg5 64. Kb4 Kf4 65. Kc5 1-0

[Event "Muensterland Regionalliga 1718"]
[Site "Germany"]
[Date "2018.06.02"]
[Round "9.6"]
[White "Scho, Christian"]
[Black "Fartmann, Franz Josef"]
[Result "1-0"]
[WhiteElo "2065"]
[BlackElo "1805"]
[PlyCount "59"]
[EventDate "2017.09.02"]
[EventType "team-tourn"]
[EventRounds "9"]
[EventCountry "GER"]
[SourceTitle "EXT 2019"]
[Source "ChessBase"]
[SourceDate "2018.10.10"]
[SourceVersion "1"]
[SourceVersionDate "2018.10.10"]
[SourceQuality "1"]
[WhiteTeam "Neuenkirchen"]
[BlackTeam "Beelen"]
[WhiteTeamCountry "GER"]
[BlackTeamCountry "GER"]

1. Nf3 Nf6 2. c4 g6 3. b4 Bg7 4. Bb2 0-0 5. g3 d6 6. Bg2 c6 7. 0-0 Nbd7 8. d3 e5 9. a4 Rb8 10. Qc2 Qe7 11. Nbd2 Nh5 12. d4 Re8 13. e4 Nf8 14. c5 exd4 15. cxd6 Qxd6 16. Nc4 Qd8 17. Rad1 Bg4 18. e5 Qe7 19. Rxd4 Bf5 20. Qd2 Ne6 21. Rd7 Qf8 22. Nh4 Bh6 23. Qd1 Nhg7 24. Nd6 Re7 25. Ndxf5 Nxf5 26. Nxf5 gxf5 27. Rd6 Rd8 28. Rxd8 Qxd8 29. Qh5 Qd2 30. Bc1 1-0

[Event "Muensterland Regionalliga 1718"]
[Site "Germany"]
[Date "2018.04.21"]
[Round "8.8"]
[White "Fartmann, Franz Josef"]
[Black "Miethe, Christoph"]
[Result "1/2-1/2"]
[WhiteElo "1805"]
[BlackElo "1744"]
[PlyCount "74"]
[EventDate "2017.09.02"]
[EventType "team-tourn"]
[EventRounds "9"]
[EventCountry "GER"]
[SourceTitle "EXT 2019"]
[Source "ChessBase"]
[SourceDate "2018.10.10"]
[SourceVersion "1"]
[SourceVersionDate "2018.10.10"]
[SourceQuality "1"]
[WhiteTeam "Beelen"]
[BlackTeam "Rheine Klein Berlin"]
[WhiteTeamCountry "GER"]
[BlackTeamCountry "GER"]

1. Nf3 Nf6 2. g3 d5 3. Bg2 e6 4. 0-0 c5 5. d3 Nc6 6. c3 Be7 7. Qc2 0-0 8. Nbd2 e5 9. e4 dxe4 10. dxe4 Qc7 11. Nc4 Be6 12. Ne3 h6 13. Nh4 g6 14. Nd5 Nxd5 15. exd5 Bxh4 16. dxe6 Bg5 17. Bxg5 hxg5 18. exf7+ Kxf7 19. Rfe1 Rae8 20. Rad1 Kg7 21. Qd2 Qd8 22. Bxc6 Qxd2 23. Rxd2 bxc6 24. Rd7+ Rf7 25. Red1 Ref8 26. f3 Rxd7 27. Rxd7+ Rf7 28. Rd3 c4 29. Re3 Rb7 30. Rxe5 Rxb2 31. Re7+ Kf6 32. Rxa7 Rc2 33. Ra6 Rxc3 34. Rxc6+ Kf5 35. a4 Rxf3 36. Rxc4 Ra3 37. Rc5+ Kg4 1/2-1/2

[Event "Muensterland Regionalliga 1718"]
[Site "Germany"]
[Date "2017.12.02"]
[Round "4.8"]
[White "Fartmann, Franz Josef"]
[Black "Hoge, Torsten"]
[Result "1/2-1/2"]
[WhiteElo "1805"]
[BlackElo "1890"]
[PlyCount "33"]
[EventDate "2017.09.02"]
[EventType "team-tourn"]
[EventRounds "9"]
[EventCountry "GER"]
[SourceTitle "EXT 2019"]
[Source "ChessBase"]
[SourceDate "2018.10.10"]
[SourceVersion "1"]
[SourceVersionDate "2018.10.10"]
[SourceQuality "1"]
[WhiteTeam "Beelen"]
[BlackTeam "Gronau"]
[WhiteTeamCountry "GER"]
[BlackTeamCountry "GER"]

1. Nf3 Nf6 2. g3 b6 3. Bg2 Bb7 4. 0-0 e6 5. c4 Be7 6. Nc3 0-0 7. Qc2 c5 8. e4 d6 9. d4 cxd4 10. Nxd4 Qc8 11. Qe2 Nc6 12. Be3 Ne5 13. Rac1 Nfg4 14. b3 Nxe3 15. Qxe3 Qc5 16. Na4 Qa5 17. Rfd1 1/2-1/2

[Event "Muensterland Verbandsklasse 1516"]
[Site "Germany"]
[Date "2016.03.12"]
[Round "7.3"]
[White "Fartmann, Franz Josef"]
[Black "Holtmannspoetter, Thomas"]
[Result "1/2-1/2"]
[WhiteElo "1792"]
[BlackElo "1762"]
[PlyCount "46"]
[EventDate "2015.09.19"]
[EventType "team"]
[EventRounds "9"]
[EventCountry "GER"]
[SourceTitle "EXT 2017"]
[Source "ChessBase"]
[SourceDate "2016.10.25"]
[SourceVersion "1"]
[SourceVersionDate "2016.10.25"]
[SourceQuality "1"]
[WhiteTeam "Beelen II"]
[BlackTeam "Ochtrup"]
[WhiteTeamCountry "GER"]
[BlackTeamCountry "GER"]

1. b3 e5 2. Bb2 d6 3. e3 Nf6 4. Be2 Be7 5. d3 Nbd7 6. Nf3 0-0 7. Nbd2 Re8 8. 0-0 c6 9. c4 Bf8 10. Qc2 a5 11. Ne4 Nxe4 12. dxe4 Nf6 13. Rfd1 Qc7 14. Rd2 Bg4 15. Ba3 Red8 16. Rad1 b6 17. h3 Bh5 18. Nh4 Bxe2 19. Rxe2 g6 20. Nf3 Rac8 21. Red2 Qb8 22. Bb2 c5 23. Nh2 Qa8 1/2-1/2

[Event "Muensterland Verbandsklasse 1516"]
[Site "Germany"]
[Date "2016.01.23"]
[Round "5.3"]
[White "Fasselt, Hendrik"]
[Black "Fartmann, Franz Josef"]
[Result "1-0"]
[WhiteElo "1794"]
[BlackElo "1792"]
[PlyCount "89"]
[EventDate "2015.09.19"]
[EventType "team"]
[EventRounds "9"]
[EventCountry "GER"]
[SourceTitle "EXT 2017"]
[Source "ChessBase"]
[SourceDate "2016.10.25"]
[SourceVersion "1"]
[SourceVersionDate "2016.10.25"]
[SourceQuality "1"]
[WhiteTeam "Raesfeld Erle II"]
[BlackTeam "Beelen II"]
[WhiteTeamCountry "GER"]
[BlackTeamCountry "GER"]

1. b3 e5 2. Bb2 Nc6 3. e3 Nf6 4. Nf3 Bd6 5. d3 0-0 6. Be2 Re8 7. Nbd2 Bf8 8. 0-0 d5 9. c4 a6 10. cxd5 Nxd5 11. Nc4 f6 12. Rc1 Be6 13. Qc2 Qd7 14. Rfd1 Rad8 15. a3 Qf7 16. b4 Kh8 17. d4 exd4 18. Nxd4 Nxd4 19. Bxd4 Ne7 20. Na5 b6 21. Nc6 Rd7 22. Qb2 Nxc6 23. Rxc6 Bd5 24. Rc3 Bb7 25. Qc2 Bd6 26. Bd3 Qh5 27. h3 Qg5 28. Bf1 Bf3 29. Rc1 Be4 30. Qb2 h5 31. f4 Qg6 32. Bxa6 Bf5 33. Bb5 Bxh3 34. Bxd7 Bxd7 35. Qf2 Bf5 36. Kh2 Be4 37. Qg3 Qh6 38. Qh3 Re7 39. g3 g5 40. Qc8+ Kh7 41. Rxc7 Bxc7 42. Rxc7 Rg7 43. Rxg7+ Qxg7 44. Qe6 Qc7 45. Qxe4+ 1-0

[Event "Muensterland Verbandsliga 1415"]
[Site "Germany"]
[Date "2014.09.27"]
[Round "2.6"]
[White "Godoy Herrera, Carlos"]
[Black "Fartmann, Franz Josef"]
[Result "1/2-1/2"]
[WhiteElo "1629"]
[BlackElo "1757"]
[PlyCount "22"]
[EventDate "2014.09.06"]
[EventType "team-tourn"]
[EventRounds "9"]
[EventCountry "GER"]
[SourceTitle "EXT 2016"]
[Source "ChessBase"]
[SourceDate "2015.10.08"]
[SourceVersion "1"]
[SourceVersionDate "2015.10.08"]
[SourceQuality "1"]
[WhiteTeam "Muenster Indische Dame"]
[BlackTeam "Beelen"]
[WhiteTeamCountry "GER"]
[BlackTeamCountry "GER"]

1. Nf3 c5 2. c4 Nc6 3. Nc3 g6 4. d3 Bg7 5. g3 e6 6. e4 Nge7 7. Bg2 d6 8. 0-0 0-0 9. Rb1 a6 10. a3 Rb8 11. Na2 b5 1/2-1/2

[Event "Muensterland Verbandsliga 1314"]
[Site "Germany"]
[Date "2014.04.05"]
[Round "8.6"]
[White "Fartmann, Franz Josef"]
[Black "Weskamp, Matthias"]
[Result "1/2-1/2"]
[WhiteElo "1785"]
[BlackElo "1701"]
[PlyCount "35"]
[EventDate "2013.09.07"]
[EventType "team-tourn"]
[EventRounds "9"]
[EventCountry "GER"]
[SourceTitle "EXT 2015"]
[Source "ChessBase"]
[SourceDate "2014.11.20"]
[SourceVersion "1"]
[SourceVersionDate "2014.11.20"]
[SourceQuality "1"]
[WhiteTeam "Beelen"]
[BlackTeam "Ostbevern Westbevern"]
[WhiteTeamCountry "GER"]
[BlackTeamCountry "GER"]

1. Nf3 Nf6 2. g3 d5 3. Bg2 Nbd7 4. d4 e6 5. 0-0 c5 6. c3 Bd6 7. Nbd2 0-0 8. Qc2 b5 9. e4 dxe4 10. Nxe4 Nxe4 11. Qxe4 Rb8 12. Bg5 Qc7 13. Rad1 Bb7 14. Qg4 Kh8 15. Rfe1 Bd5 16. Nh4 Bxg2 17. Nxg2 Rbe8 18. Be3 1/2-1/2

[Event "Muensterland Verbandsliga 1314"]
[Site "Germany"]
[Date "2014.02.01"]
[Round "6.6"]
[White "Fartmann, Franz Josef"]
[Black "Wolffgang, Georg"]
[Result "0-1"]
[WhiteElo "1785"]
[BlackElo "1792"]
[PlyCount "84"]
[EventDate "2013.09.07"]
[EventType "team-tourn"]
[EventRounds "9"]
[EventCountry "GER"]
[SourceTitle "EXT 2015"]
[Source "ChessBase"]
[SourceDate "2014.11.20"]
[SourceVersion "1"]
[SourceVersionDate "2014.11.20"]
[SourceQuality "1"]
[WhiteTeam "Beelen"]
[BlackTeam "Telgte"]
[WhiteTeamCountry "GER"]
[BlackTeamCountry "GER"]

1. Nf3 Nf6 2. g3 d5 3. Bg2 Nc6 4. d4 Bf5 5. c3 Qd7 6. Ne5 Nxe5 7. dxe5 Ne4 8. Be3 f6 9. f3 Ng5 10. g4 Bg6 11. h4 Nf7 12. exf6 gxf6 13. h5 Bxb1 14. Qxb1 Qe6 15. Bf4 Qb6 16. Qc2 e5 17. Bd2 0-0-0 18. 0-0-0 Nd6 19. h6 Kb8 20. b3 Nc4 21. g5 Bc5 22. Bh3 Nxd2 23. Kxd2 Be3+ 24. Ke1 Bxg5 25. Bf5 Qe3 26. Qd3 Qf4 27. Rh3 Bxh6 28. Kf2 Rd6 29. Rdh1 e4 30. Qd4 e3+ 31. Kf1 Qxf5 32. Rxh6 Qb1+ 33. Kg2 Rg8+ 34. Kh2 Qxa2 35. Qxe3 Qxb3 36. Rxh7 Qb6 37. Rg1 Rgd8 38. Qd3 a5 39. Rgg7 Rc6 40. Qd2 Qc5 41. Qa2 Qxc3 42. Rd7 Qe5+ 0-1

[Event "Muensterland Verbandsklasse-B 1213"]
[Site "Germany"]
[Date "2012.10.20"]
[Round "2.5"]
[White "Fartmann, Franz Josef"]
[Black "Kuhlenbaeumer, Alfred"]
[Result "0-1"]
[WhiteElo "1845"]
[BlackElo "1841"]
[PlyCount "106"]
[EventDate "2012.09.15"]
[EventType "team-tourn"]
[EventRounds "9"]
[EventCountry "GER"]
[SourceTitle "EXT 2015"]
[Source "ChessBase"]
[SourceDate "2014.11.20"]
[SourceVersion "1"]
[SourceVersionDate "2014.11.20"]
[SourceQuality "1"]
[WhiteTeam "Beelen"]
[BlackTeam "Telgte"]
[WhiteTeamCountry "GER"]
[BlackTeamCountry "GER"]

1. Nf3 c5 2. g3 Nf6 3. Bg2 Nc6 4. d3 g6 5. 0-0 Bg7 6. c3 d6 7. h3 Bd7 8. e4 Rb8 9. Be3 0-0 10. Nbd2 a6 11. d4 b6 12. Qe2 Qc8 13. Kh2 Na7 14. Rfd1 Bb5 15. c4 cxd4 16. Bxd4 Bc6 17. Ne1 Ng4+ 18. hxg4 Bxd4 19. Nb3 Bg7 20. Nd3 Bd7 21. Rac1 Bxg4 22. f3 Bd7 23. e5 Re8 24. exd6 exd6 25. Qf2 Nc6 26. Nf4 Be5 27. Nd5 Qd8 28. f4 Bg7 29. Rc2 Bg4 30. Bf3 Bxf3 31. Qxf3 Ne7 32. Rcd2 Nf5 33. Kg2 h5 34. Rh1 Rc8 35. Qd3 Rc6 36. Na1 Qa8 37. b3 b5 38. Nc2 Rc5 39. Kf2 Qa7 40. Kg2 bxc4 41. bxc4 Qb7 42. Qb3 Qa8 43. Rb1 Qc8 44. Nce3 Nxe3+ 45. Nxe3 Qe6 46. Rd3 Qe4+ 47. Kh2 h4 48. Ng2 hxg3+ 49. Kxg3 Rh5 50. Re1 Qc6 51. Rxe8+ Qxe8 52. Rxd6 Qc8 53. Qd3 Rh3+ 0-1